| 000 | 00963nam a2200277 i 4500 | ||
|---|---|---|---|
| 001 | 175575 | ||
| 003 | ES-MaACL | ||
| 005 | 20230906215846.0 | ||
| 008 | 101108s1986 sp a |||| | spa d | ||
| 020 | _a84-85229-85-1 | ||
| 080 | _a299.8(=972.6) | ||
| 130 | 0 |
_aChilam Balam de Chumayel. _lEspañol. _9143859 |
|
| 245 | 1 | 0 |
_aChilam Balam de Chumayel / _cedición de Miguel Rivera ; [revisión del texto maya, Domingo Dzul Poot y Juan Ramón Bastarrachea Manzano]. |
| 250 | _a1ª ed. | ||
| 260 |
_aMadrid : _bHistoria 16, _c1986. |
||
| 300 |
_a165 p. : _bil. ; _c19 cm. |
||
| 490 | 1 |
_aCrónicas de América ; _v20 |
|
| 650 | 0 | 4 |
_aMitología maya. _9159844 |
| 650 | 4 |
_aReligión maya. _9159843 |
|
| 700 | 1 |
_aRivera Dorado, Miguel. _997649 |
|
| 700 | 1 |
_aDzul Poot, Domingo. _9143860 |
|
| 700 | 1 |
_aBastarrachea Manzano, Juan Ramón. _9143861 |
|
| 830 | 0 |
_aCrónicas de América ; _v20 _9178035 |
|
| 852 |
_aES-MaACL _jE-13463 |
||
| 999 |
_c175575 _d175575 |
||